|
|
|
|
| LEADER |
00000nab a2200000 a 4500 |
| 001 |
vtls000159961 |
| 003 |
SK-MaSNL |
| 005 |
20260304071555.0 |
| 008 |
250422c1983 xo 0 slo |
| 015 |
|
|
|a SNBRB19rr/mm-uuuuu
|
| 035 |
|
|
|a CL0170071
|
| 035 |
|
|
|a urn:nbn:sk:snk-abbcm3
|
| 035 |
|
|
|a (urnnbn)urn:nbn:sk:snk:ar-001jyg
|
| 035 |
|
|
|a (uuid)5f27f945-78f8-4f64-9309-658b7fdd4e40
|
| 040 |
|
|
|a SNKBUCL
|b slo
|c SNKBUCL
|e AACR2
|
| 041 |
0 |
|
|a cze
|
| 044 |
|
|
|a xo
|c SK
|
| 080 |
|
|
|a 669.017+669.1.017.001.24
|2 1981
|
| 080 |
|
|
|a 669.1.017.001.24
|2 1981
|
| 080 |
|
|
|a 669.1.017
|2 1981
|
| 100 |
1 |
|
|a Kubíček, Petr,
|d 1942-
|4 aut
|9 7423
|
| 245 |
1 |
0 |
|a K problematice výpočtu vypařování kovů při levitačním tavení
|c Petr Kubíček, Blanka Wozniaková
|
| 300 |
|
|
|b Obr. 2. Grafy 5., lit. 13 zázn. v slov., češ., ruš., angl.
|
| 650 |
0 |
7 |
|a kovové materiály
|2 snkbucl
|9 1053
|
| 650 |
0 |
7 |
|a tavenie levitačné
|2 snkbucl
|9 1358841
|
| 655 |
|
7 |
|a články z novín a časopisov
|2 snkbucl
|9 267496
|
| 700 |
1 |
|
|a Wozniaková, Blanka
|4 aut
|9 1332841
|
| 773 |
0 |
|
|t Kovové materiály
|g Roč. 21, č. 4 (1983), s. 479-496
|
| 850 |
|
|
|a Slovenská národná knižnica
|
| 852 |
|
|
|a Slovenská národná knižnica
|
| 954 |
|
|
|a odborná, vedecká literatúra cudzojazyčná (svetová)
|2 lita
|
| 958 |
|
|
|a article15
|
| 958 |
|
|
|a NB
|
| 958 |
|
|
|a RK
|
| 958 |
|
|
|a CZ
|
| 958 |
|
|
|a OND
|
| 958 |
|
|
|a EUIPO
|
| 992 |
|
|
|a RBX
|
| 999 |
|
|
|c 2761007
|d 2762937
|